000 00563nam a2200193Ia 4500
008 191130s2008##################000#0#eng##
020 _a9788131720844
040 _aACL
_cACL
082 _a338.642 REI
100 _aReid, Allan
245 _aNetworking for home and small business: CCNA discovery learning guide
_cAllan Reid, Jim Lorenz
260 _aNew Delhi
_bPearson Education
_c2008
300 _axxv, 561 p.:24 cm
650 _aEconomics
700 _aLorenz, Jim
990 _adce03889ac10000c70f763139210f30c
991 _a241325
999 _c20295
_d20295